| 000 | 01273cam a2200349 i 4500 | ||
|---|---|---|---|
| 001 | 19819806 | ||
| 003 | EG-ScBUE | ||
| 005 | 20230516094952.0 | ||
| 008 | 170724t2017 nyua f 001 0 eng d | ||
| 020 | _a9781501146169 (trade paper) | ||
| 040 |
_aDLC _beng _erda _cDLC _dDLC _dEG-ScBUE |
||
| 043 | _an-us--- | ||
| 082 | 0 | 4 |
_a702.3 _222 _bBHA |
| 100 | 1 |
_aBhandari, Heather Darcy, _eauthor. |
|
| 245 | 1 | 0 |
_aArt/work : _beverything you need to know (and do) as you pursue your art career / _cHeather Darcy Bhandari, Jonathan Melber. |
| 250 | _aFree Press trade paperback edition. | ||
| 250 | _aRevised and updated edition. | ||
| 264 | 1 |
_aNew York : _bFree Press, _c[2017] |
|
| 264 | 4 | _cc2017 | |
| 300 |
_a353 pages : _billustrations ; _c24 cm |
||
| 336 |
_atext _btxt _2rdacontent |
||
| 337 |
_aunmediated _bn _2rdamedia |
||
| 338 |
_avolume _bnc _2rdacarrier |
||
| 500 | _aIncludes index. | ||
| 650 | 7 |
_aArt _xVocational guidance _zUnited States. _2BUEsh |
|
| 653 |
_bART _cMay2023 |
||
| 655 | _vReading book | ||
| 700 | 1 |
_aMelber, Jonathan, _eauthor. |
|
| 906 |
_a7 _bcbc _corignew _d1 _eecip _f20 _gy-gencatlg |
||
| 942 |
_2ddc _cBB |
||
| 999 |
_c30396 _d30367 |
||